000 00990cam a2200277 i 4500
001 17223519
003 OSt
005 20180116192424.0
008 120323s2013 nyua b 001 0 eng
010 _a 2012012361
020 _a9780393733587 (pbk.)
040 _aDLC
_beng
_cDLC
_erda
_dDLC
042 _apcc
050 0 0 _aHD7287
_b.M438 2013
082 0 0 _a720.47
_223
100 1 _aMeinhold, Bridgette.
_97823
245 1 0 _aUrgent architecture :
_b40 sustainable housing solutions for a changing world /
_cBridgette Meinhold.
250 _aFirst edition.
260 _aNew York :
_bW.W. Norton & Company,
_cc2013.
300 _a256 pages :
_billustrations (chiefly color) ;
_c26 cm
504 _aIncludes bibliographical references (page 251) and index.
650 0 _aHousing
_xEnvironmental aspects.
_97824
906 _a7
_bcbc
_corignew
_d1
_eecip
_f20
_gy-gencatlg
942 _2ddc
_cBK
999 _c354021
_d354021